Normal view
MARC view
- Graddol, David
Entry Personal Name
001 - CONTROL NUMBER
- control field: 41918
003 - CONTROL NUMBER IDENTIFIER
- control field: DLC
005 - DATE AND TIME OF LATEST TRANSACTION
- control field: 20181112145749.0
008 - FIXED-LENGTH DATA ELEMENTS
- fixed length control field: 860711n| acannaab |n aaa
010 ## - LIBRARY OF CONGRESS CONTROL NUMBER
- LC control number: n 86133706
040 ## - CATALOGING SOURCE
- Original cataloging agency: DLC
- Language of cataloging: eng
- Transcribing agency: DLC
- Modifying agency: DLC
- Modifying agency: EG-ScBUE
100 1# - HEADING--PERSONAL NAME
- Personal name: Graddol, David
670 ## - SOURCE DATA FOUND
- Source citation: His Describing language, 1986:
- Information found: CIP t.p. (David Graddol)
670 ## - SOURCE DATA FOUND
- Source citation: Describing language, 1994:
- Information found: CIP t.p. (David Graddol) data sheet (Graddol, David Julian; b. 5/17/53)